Kvalita - garant úspešného podnikania

Význam kvality ako východiskového predpokladu úspešného podnikania a konkurencieschopnosti. Nastolenie požiadavky konvertibilnej kvality ako predpokladu úspešného podnikania v dimenziách EÚ. Vyžaduje sa budovanie širšieho náročného vedeckého výskumu a vývoja budúcich výrobkov a uplatňovanie modernýc...

Ausführliche Beschreibung

Gespeichert in:
Bibliographische Detailangaben
1. Verfasser: Leščišin, Michal
Format: Buchkapitel
Sprache:Slowakisch
Schlagworte:
Tags: Tag hinzufügen
Keine Tags, Fügen Sie das erste Tag hinzu!

MARC

LEADER 00000naa$a2200000$$$4500
001 0018625
005 20240502071406.8
041 0 |a slo 
044 |a SK 
245 1 0 |a Kvalita - garant úspešného podnikania  |c Michal Leščišin 
520 |a Význam kvality ako východiskového predpokladu úspešného podnikania a konkurencieschopnosti. Nastolenie požiadavky konvertibilnej kvality ako predpokladu úspešného podnikania v dimenziách EÚ. Vyžaduje sa budovanie širšieho náročného vedeckého výskumu a vývoja budúcich výrobkov a uplatňovanie moderných technológií. Hlbšie skúmanie príčin nepriaznivého deficitného stavu v slovenských podmienkach. 
610 2 0 |a kvalita 
610 2 0 |a konvertibilita 
610 2 0 |a podnikanie 
610 2 0 |a konkurencieschopnosť 
610 2 0 |a Slovensko 
610 2 0 |a riadenie kvality 
610 2 0 |a Európska únia 
100 1 |a Leščišin, Michal